000 00931nam a2200277 a 4500
001 40727
003 BD-RjUL
005 20211209053254.0
008 160509r19811965ctub b 000 0 eng
020 _c: Tk 15.60
035 _a(BD-RjUL)40842
040 _dBD-RjUL
_beng
_aBD-RjUL
_cBD-RjUL
041 _aeng
082 0 0 _a320.96
_223
_bPOL 1965
245 0 4 _aThe Political awakening of Africa /
_cedited by Rupert Emerson and Martin Kilson.
260 _aWestport, Conn. :
_bGreenwood Press,
_cc1965.
300 _ax, 175 p. :
_bmaps ;
_c24 cm.
500 _aReprint. Originally published: Englewood Cliffs, N.J. : Prentice-Hall, c1965.
504 _aBibliography: p. 175.
651 0 _aAfrica
_xPolitics and government
_y1960- .
_9125306
700 1 _aEmerson, Rupert,
_d1899-
_9125316
700 1 _aKilson, Martin.
_9125317
942 _2ddc
_cBK
999 _c40727
_d40727